000 01282nam a22003617a 4500
001 0009058
003 KOHA_MİRAKIL
005 20260207001657.0
007 ta
008 091120b2007 tu |||gr||||#||||0|tur |
020 _a9789944115230
_c16,25
040 _aTR-BiSEU
_btur
_cTR-BiSEU
_erda
041 0 _atur
044 _ctu
050 _aLC196
_b.M35 2007
100 1 _aMcLaren, Peter.
240 1 0 _aCapitalists and conquerors : a critical pedagogy against empire
_lTürkçe
245 1 _aKapitalistler ve işgalciler :
_bimparatorluğa karşı eleştirel bir pedagoji =
_bCapitalists and conquerors :
_ba critical pedagogy against empire/
_cPeter McLaren ; Peter McLaren; çeviren Barış Baysal.
264 1 _aİstanbul :
_bKalkedon
_c2007
300 _a399 sayfa
336 _ametin
_btxt
_2rdacontent
337 _aaracısız
_bn
_2rdamedia
338 _acilt
_bnc
_2rdacarrier
490 1 _aKalkedon Yayıncılık ;
_v39.
490 1 _aEğitim ve kültür ;
_v10.
500 _aKaynakça ve dizin var.
650 0 _aCritical pedagogy.
_922594
650 0 _aEducation and globalization.
_922595
650 0 _aEducational sociology.
_97951
830 1 _aKalkedon Yayıncılık ;
_v39.
_922451
830 1 _aEğitim ve kültür ;
_v10.
_922596
942 _2lcc
_cBK
999 _c9030
_d9030